Statistiques concernant League of Legends - Les assassins

Cliquez ici pour prendre le quiz!

Statistiques générales

  • Ce quiz a été pris 187 fois
  • Le résultat moyen est 24 sur 40

Statistiques - réponses

HintRéponse% Correct
2Akali
91%
40Zed
89%
12Katarina
84%
29Talon
84%
38Yasuo
81%
25Rengar
80%
39Yone
80%
14Kha'zix
76%
1Ahri
74%
35Vi
69%
5Evelynn
68%
15LeBlanc
66%
23Qiyana
66%
7Fizz
64%
13Kayn
64%
27Shaco
62%
22Pyke
61%
4Ekko
60%
11Kassadin
60%
16Lee sin
56%
17Maître Yi
56%
3Akshan
54%
6Fiora
54%
9Irelia
54%
20Nocturne
53%
21Panthéon
52%
36Viego
52%
10Jax
51%
19Nidalee
51%
34Vayne
48%
30Teemo
47%
37Xin Zhao
47%
32Tryndamere
44%
33Twitch
44%
26Riven
43%
28Sylas
41%
24Quinn
39%
31Tristana
36%
8Gwen
34%
18Malzahar
28%

Distribution des résultats

Percentile par nombre de réponses

% des personnes avec chaque résultat

Votre développement - résultats

Vous n’avez pas pris ce quiz